000 00559nam a2200169Ia 4500
999 _c22002
_d22002
003 OSt
005 20211109114158.0
008 190216s9999||||xx |||||||||||||| ||und||
040 _coclc
082 _a297.1226
_bPIC/M
100 _aPickthall, Muhammad Marmaduke
_92151
245 4 _aThe Meaning Of The Glorious Koran :
_bAn Explanatory Translation /
_cMuhammad Marmaduke Pickthall
260 _bGeorge Allen & Unwin Ltd,
_c1957.
_aLondon:
300 _a693p
650 _aQur`An
942 _cBK
_2ddc
_h297.1226
_iPIC/M
_k297.1226
_mPIC/M